000 00332nam a2200133Ia 4500
005 20251222155114.0
008 251222s9999||||xx |||||||||||||| ||spa||
082 _aETI.193
100 _aGARCIA FEREZ José.
245 0 _aEtica de la salud en los procesos terminales
250 _a1ra. ed.
264 _bCeprofarena
942 _cLIB
999 _c38149
_d38149